| Tag |
First Indicator |
Second Indicator |
Subfields |
| LEADER |
00000cmm a22000007a 4500 |
| 001 |
in00001391821 |
| 005 |
20151020055704.0 |
| 008 |
971223s1997 nhu u f eng d |
| 010 |
|
|
|a gp 97081154
|
| 035 |
|
|
|a (OCoLC)38129774
|
| 035 |
|
|
|9 AHN5154AM
|
| 040 |
|
|
|a GPO
|c GPO
|d DLC
|d MvI
|d UtOrBLW
|
| 074 |
|
|
|a 0335-B (online)
|
| 086 |
0 |
|
|a D 103.33/2:97-24
|
| 100 |
1 |
|
|a Parker, L. V.
|q (Louise V.)
|
| 245 |
1 |
0 |
|a Decontaminating materials used in groundwater sampling devices.
|
| 264 |
|
1 |
|a Hanover, NH :
|b US Army Corps of Engineers, Cold Regions Research & Engineering Laboratory ;
|c [1997]
|
| 264 |
|
2 |
|a Springfield, VA :
|b NTIS [distributor],
|
| 336 |
|
|
|a computer program
|b cop
|2 rdacontent
|
| 337 |
|
|
|a computer
|b c
|2 rdamedia
|
| 338 |
|
|
|a unspecified
|b zu
|2 rdacarrier
|
| 490 |
1 |
|
|a Special report ;
|v 97-24
|
| 500 |
|
|
|a Not distributed to depository libraries in a physical form.
|
| 530 |
|
|
|a Mode of access: Internet from the CRREL web site (PDF file only).
|
| 500 |
|
|
|a Electronic resource.
|
| 650 |
|
0 |
|a Groundwater
|x Sampling
|x Equipment and supplies
|x Cleaning.
|
| 650 |
|
0 |
|a Decontamination (from gases, chemicals, etc.)
|
| 700 |
1 |
|
|a Ranney, Thomas A.
|
| 710 |
2 |
|
|a Cold Regions Research and Engineering Laboratory (U.S.)
|
| 830 |
|
0 |
|a Special report (Cold Regions Research and Engineering Laboratory (U.S.)) ;
|v 97-24.
|
| 856 |
7 |
|
|u http://www.crrel.usace.army.mil/valliere/CRREL%5FReports%5Fweb/html%5Ffiles/Cat%5FP.html
|2 http
|z Adobe Acrobat Reader required to view individual titles
|z URL accesses current list of CRREL online technical reports from which links may be made to individual titles
|t 0
|
| 999 |
|
|
|a MARS
|
| 999 |
f |
f |
|s bba1a477-144e-3729-b319-c8548b4f8698
|i 16ecd28d-486f-33a9-b52a-fd653f40e6d3
|t 0
|
| 952 |
f |
f |
|a Texas A&M University
|b College Station
|c Electronic Resources
|d Available Online
|t 0
|e D 103.33/2:97-24
|h Superintendent of Documents classification
|
| 998 |
f |
f |
|a D 103.33/2:97-24
|t 0
|l Available Online
|